01244nam a22002417a 4500003000900000001000900009007000300018008003600021090000900057942000800066040003300074245009500107955000600202022001400208856005800222520024800280520025300528520017700781260000900958246000800967650000800975999001900983UA-OsUOA 133048 ta20180926b un ||||| |||| 00| 0 ukr d bI-65 cMGN aUA-OsUOAcUA-OsUOAdUA-OsUOA aINNOTECcDireccion Dr. Jorge Silveira, Laboratorio Tecnologico del Uruguay (LATU), Uruguay a1 a1688-659340uhttp://ojs.latu.org.uy/index.php/INNOTEC/issue/view/73 aComunicamos que la convocatoria para el proximo numero se extendera hasta el 30 de setiembre de 2018.Este numero abordara las siguientes areas tematicas: tecnologia alimentaria, metrologia, medioambiente y forestales. INNOTEC es una revista di3 agital arbitrada del Laboratorio Tecnologico del Uruguay (LATU), de acceso abierto. La informacion relativa a nuestro proceso editorial se encuentra disponible en este sitio, donde pueden acceder a los requisitos de publicacion y a nuestro archivo.Q3 auedamos a disposicion para ampliar cualquier informacion a traves de los siguientes contactos: mbarrien@latu.org.uy y ditec@latu.org.uy o al telefono 26013724 interno 1350. c200731a1n 72UDC c421654d421654